IFM Opac

Principles of Corporate Finance (Record no. 12206)

MARC details
000 -LEADER
fixed length control field 00431nam a2200157 4500
020 ## - INTERNATIONAL STANDARD BOOK NUMBER
International Standard Book Number 9788131504871
082 ## - DEWEY DECIMAL CLASSIFICATION NUMBER
Classification number 658.1 MEG
100 ## - MAIN ENTRY--PERSONAL NAME
Personal name Megginson, William L.
245 ## - TITLE STATEMENT
Title Principles of Corporate Finance
260 ## - PUBLICATION, DISTRIBUTION, ETC.
Name of publisher, distributor, etc. Lengage Learning
Place of publication, distribution, etc. New Delhi
300 ## - PHYSICAL DESCRIPTION
Extent 790p.
Other physical details ; ill. ;25cm
500 ## - GENERAL NOTE
General note includes appendix, index
650 ## - SUBJECT ADDED ENTRY--TOPICAL TERM
Topical term or geographic name entry element Orporate Finance, Finance
700 ## - ADDED ENTRY--PERSONAL NAME
Personal name Scott B. Smart, Lawrence J. Gitman
942 ## - ADDED ENTRY ELEMENTS (KOHA)
Koha item type Books
Holdings
Withdrawn status Lost status Damaged status Not for loan Home library Current library Date acquired Total Checkouts Full call number Date last seen Price effective from Koha item type
        IFM Main Campus Library IFM Main Campus Library 06/11/2015   658.1 MEG 06/11/2015 06/11/2015 Books